000
00369nam a2200133Ia 4500
008
151001s9999||||xx |||||||||||||| ||und||
100
_a
रा मो लोहिया
245
_a
इतिहास चक्र
250
_a
1
260
_b
प्रेस्टीज पब्लिकेशन पुणे
260
_c
1971
300
_a
87
365
_b
22
999
_c
957859
_d
957856